| 000 | 00402nam a2200121Ia 4500 | ||
|---|---|---|---|
| 008 | 210327s9999 xx 000 0 und d | ||
| 100 | _aAlbert C. Baugh, Kemp Malone | ||
| 245 | 2 | _aA Literary History of England: Vol 1: The Middle Ages | |
| 260 | _cYear : 1882 | ||
| 650 | _aLITERATURE | ||
| 856 | _uhttp://kkvlibrary.com/2020/12/30/a-literary-history-of-england-vol-1-the-middle-ages/ | ||
| 942 | _cKKV | ||
| 999 |
_c209083 _d209083 |
||